00783nam a2200169Ia 4500008004100000020001500041050002200056082002000078100004400098245004800142250001900190260003300209300003100242504003300273505029200306650001500598120626s2005 mx a 000 0 spa d a9681847946 aHB1715bR664 1998 a330bC228e 19981 aRodas Carpizoo, Alejandro R. e , autor aEconomía básica c/ A. R. Rodas Carpizo a4a.. edición aMéxico b: Limusac, 2005 a234 páginasb: ilustrado aBibliografía (pp. 233-234) aPanorama económica general. El proceso productivo. Sistema de precios. La moneda, el crédito y los bancos. Devaluación e inflación. Política fiscal. Política económica de México. Comercio internacional. Desarrollo económico. Los grandes sistemas económicos del mundo.14aECONOMÍA